Didaci Covarruvias a Leyva Toletani Episcopi Segobiensis, Philippi II Hispaniarum Regis Summo Praetorio Praefecti, ac Juris Interpretis acutissimi, Opera Omnia, Jam post varias Editiones correctiora, & cum veteribus ac melioris notae exemplaribus de novo collara, & ab innumeris mendis feriò repurgata (Record no. 8678)
[ view plain ]
| 000 -CABECERA | |
|---|---|
| campo de control de longitud fija | 01384nam a2200217 a 4500 |
| 001 - NÚMERO DE CONTROL | |
| campo de control | BRCA_9027 |
| 005 - FECHA Y HORA DE LA ÚLTIMA TRANSACCIÓN | |
| campo de control | 20190320210510.0 |
| 008 - DATOS DE LONGITUD FIJA--INFORMACIÓN GENERAL | |
| campo de control de longitud fija | 250717s1734----sz-#######---#000-0#lat-# |
| 041 ## - CÓDIGO DE LENGUA | |
| Código de lengua del texto/banda sonora o título independiente | lat |
| 084 ## - OTRO NÚMERO DE CLASIFICACIÓN | |
| Número de clasificación | LM31 |
| Número de documento/Ítem | .C68 1734 |
| 100 1# - ENTRADA PRINCIPAL--NOMBRE DE PERSONA | |
| Nombre de persona | Covarrubias Leyva, Diego de |
| Fechas asociadas al nombre | 1512 - 1577 |
| 9 (RLIN) | 22382 |
| 245 10 - MENCIÓN DE TÍTULO | |
| Título | Didaci Covarruvias a Leyva Toletani Episcopi Segobiensis, Philippi II Hispaniarum Regis Summo Praetorio Praefecti, ac Juris Interpretis acutissimi, Opera Omnia, Jam post varias Editiones correctiora, & cum veteribus ac melioris notae exemplaribus de novo collara, & ab innumeris mendis feriò repurgata |
| Resto del título | cum auctoris tractatum in Tit. de Frigidis et Maleficiatis, septem quastionibus distincto, quibus an Matrimonium cumhoc impedimento constare possit, accuratè explicatur: accesserunt de novo Joannis Uffelii, J. C. Patricci Bruxellensis, in Variarum Resolutionum Libros, Notae uberiores. |
| 260 ## - PUBLICACIÓN, DISTRIBUCIÓN, ETC. | |
| Lugar de publicación, distribución, etc. | Genevae |
| Nombre del editor, distribuidor, etc. | Sumptibus Fratrum de Tournes |
| Fecha de publicación, distribución, etc. | 1734 |
| 300 ## - DESCRIPCIÓN FÍSICA | |
| Extensión | 772 p. |
| Dimensiones | 35.5 x 13 cm |
| 500 ## - NOTA GENERAL | |
| Nota general | En portada: Cum duplici Indice, Capitum et Rerum locupletissimo, suis numeres restituto |
| 500 ## - NOTA GENERAL | |
| Nota general | Estado físico: presenta encuadernación en piel, con cantos decorados en color rojo y presencia del pez de plata |
| 650 14 - PUNTO DE ACCESO ADICIONAL DE MATERIA--TÉRMINO DE MATERIA | |
| Término de materia o nombre geográfico como elemento de entrada | Derecho romano |
| Subdivisión cronológica | Obras anteriores a 1800 |
| 9 (RLIN) | 22105 |
| 650 14 - PUNTO DE ACCESO ADICIONAL DE MATERIA--TÉRMINO DE MATERIA | |
| Término de materia o nombre geográfico como elemento de entrada | Derecho canónico |
| Subdivisión cronológica | Obras anteriores a 1800 |
| 9 (RLIN) | 22085 |
| 902 ## - CATALOGADOR | |
| Iniciales | CFM |
| 942 ## - ELEMENTOS DE PUNTO DE ACCESO ADICIONAL (KOHA) | |
| Fuente del sistema de clasificación o colocación | Library of Congress Classification |
| Tipo de ítem Koha | Libros |
| Estado de retiro | Estado de pérdida | Estado dañado | No para préstamo | Localización permanente | Ubicación/localización actual | Fecha de adquisición | Total de préstamos | Signatura topográfica completa | Código de barras | Fecha visto por última vez | Precio válido a partir de | Tipo de ítem Koha |
|---|---|---|---|---|---|---|---|---|---|---|---|---|
| El ejemplar forma parte de la colección y puede ser consultado según las políticas vigentes. | Biblioteca del Museo Franz Mayer (Rogerio Casas-Alatriste) | Biblioteca del Museo Franz Mayer (Rogerio Casas-Alatriste) | 25/07/2017 | LM31 .C68 1734 | CFM00294 | 22/03/2019 | 22/03/2019 | Libros |